[Event "Schachbezirk Oberbayern - EM 2017"]
[Site "Hochstätt am Inn"]
[Date "2017.05.28"]
[Round "3.6"]
[White "Steinheimer, Jürgen"]
[Black "Reisser, Simon"]
[Result "1-0"]
[WhiteElo "2059"]
[BlackElo "1938"]
[PlyCount "97"]
[EventDate "2017.??.??"]
[WhiteTeam "SK Gräfelfing"]
[BlackTeam "TSV Trostberg"]

1. d4 d5 2. c4 dxc4 3. e4 e6 4. Bxc4 c5 5. d5 exd5 6. Bxd5 Bd6 7. Nc3 Ne7 8.
Bg5 Qb6 9. Qd2 Be6 10. O-O-O Bc7 11. Bxe7 Kxe7 12. Qg5+ Kf8 13. Nge2 Nd7 14. f4
Nf6 15. Bxe6 Qxe6 16. Qxc5+ Qe7 17. Qxe7+ Kxe7 18. e5 Nd7 19. Nd5+ Kd8 20. Rd3
Rc8 21. Kb1 Bb8 22. Rhd1 Ke8 23. Rg3 g6 24. Nec3 Nb6 25. Nxb6 axb6 26. Nd5 b5
27. Rb3 Rc5 28. Rc3 Rxc3 29. Nxc3 Ke7 30. Nxb5 Rc8 31. Nd6 Rc7 32. g3 h5 33.
Ne4 Ba7 34. Nc3 Rc6 35. Kc2 Ke6 36. b4 Kf5 37. Kd3 h4 38. Nd5 Re6 39. gxh4 Kg4
40. b5 Kxh4 41. Nf6 g5 42. Ke4 gxf4 43. Kxf4 Bb8 44. Nd7 Bc7 45. Rc1 Ba5 46.
Rc8 Bd2+ 47. Kf5 Kh3 48. Nf6 Be1 49. Re8 1-0

[Event "Schachbezirk Oberbayern - EM 2017"]
[Site "Hochstätt am Inn"]
[Date "2017.05.28"]
[Round "3.7"]
[White "Linner, Christian"]
[Black "Höller, Armin"]
[Result "1-0"]
[WhiteElo "2001"]
[BlackElo "1961"]
[PlyCount "93"]
[EventDate "2017.??.??"]
[WhiteTeam "SC Prien"]
[BlackTeam "SK Weilheim"]

1. g3 d5 2. Bg2 Nf6 3. Nf3 Bf5 4. c4 c6 5. Qb3 Qc7 6. cxd5 cxd5 7. Nc3 e6 8. d3
Nc6 9. O-O Be7 10. Bf4 Qd7 11. e4 Bg6 12. exd5 exd5 13. Ne5 Nxe5 14. Bxe5 O-O
15. Nxd5 Nxd5 16. Qxd5 Qxd5 17. Bxd5 Bxd3 18. Rfd1 Ba6 19. Rac1 Rac8 20. Bf3
Bg5 21. Rxc8 Rxc8 22. Bc3 Rd8 23. Re1 h6 24. h4 Bf6 25. Bxf6 gxf6 26. Re7 Kf8
27. Rc7 Re8 28. Bxb7 Re1+ 29. Kg2 Bf1+ 30. Kf3 Be2+ 31. Kf4 Rb1 32. Bd5 Rxb2
33. Rxf7+ Ke8 34. Rxa7 Bf1 35. f3 Rd2 36. Be4 Bc4 37. a4 Be6 38. a5 Ra2 39. h5
Ra4 40. g4 Bd7 41. a6 Kd8 42. Ke3 Bc8 43. Bd3 Ra3 44. Kd4 Ra4+ 45. Kd5 Ra3 46.
Be4 Bxa6 47. Kd6 1-0

[Event "Schachbezirk Oberbayern - EM 2017"]
[Site "Hochstätt am Inn"]
[Date "2017.05.28"]
[Round "3.8"]
[White "Kobl, Rudolf"]
[Black "Nikutowski, Oliver"]
[Result "1-0"]
[WhiteElo "1912"]
[BlackElo "1993"]
[PlyCount "81"]
[EventDate "2017.??.??"]
[WhiteTeam "SK Wasserburg"]
[BlackTeam "Gautinger SC"]

1. d4 d5 2. c4 dxc4 3. e3 e5 4. Bxc4 exd4 5. exd4 Bd6 6. Nf3 Nf6 7. O-O O-O 8.
h3 h6 9. Nc3 Bf5 10. Be3 Nbd7 11. Qc1 Ne4 12. Nxe4 Bxe4 13. Nd2 Bh7 14. Be2 Nf6
15. Nc4 Nd5 16. Nxd6 Qxd6 17. Qd2 Rfe8 18. Bf3 Be4 19. Be2 Re7 20. Bc4 Rae8 21.
Rae1 c6 22. Bxd5 Bxd5 23. b3 Re6 24. Bf4 Qe7 25. Be3 Re4 26. Qc3 f5 27. Bd2 Qf6
28. f3 Re2 29. Rxe2 Rxe2 30. Re1 Bxf3 31. Qc4+ Kh7 32. Rxe2 Bxe2 33. Qxe2 Qxd4+
34. Qf2 Qd3 35. h4 a6 36. h5 Kg8 37. Kh2 Qd5 38. Qf4 Qf7 39. Qc4 Qxc4 40. bxc4
b6 41. Kg3 1-0

[Event "Schachbezirk Oberbayern - EM 2017"]
[Site "Hochstätt am Inn"]
[Date "2017.05.28"]
[Round "3.9"]
[White "Gilhuber, Max"]
[Black "Bergerhoff, Andreas"]
[Result "1/2-1/2"]
[WhiteElo "1699"]
[BlackElo "1988"]
[PlyCount "53"]
[EventDate "2017.??.??"]
[WhiteTeam "SK Töging"]
[BlackTeam "SK Bruckmühl e.V."]

1. d4 g6 2. Nf3 Bg7 3. c4 d6 4. Nc3 Nf6 5. e3 O-O 6. Be2 Nbd7 7. O-O e5 8. b3
Re8 9. Qc2 exd4 10. exd4 Nf8 11. Bb2 Nh5 12. Nd5 c6 13. Ne3 f5 14. Rfe1 f4 15.
Nf1 Bf5 16. Bd3 Bxd3 17. Qxd3 Qd7 18. N1d2 h6 19. h4 Rxe1+ 20. Rxe1 Re8 21.
Rxe8 Qxe8 22. Ba3 d5 23. Bxf8 Kxf8 24. Ne5 Bxe5 25. dxe5 Qe6 26. cxd5 cxd5 27.
Nf3 1/2-1/2

[Event "Schachbezirk Oberbayern - EM 2017"]
[Site "Hochstätt am Inn"]
[Date "2017.05.28"]
[Round "4.1"]
[White "Schlichtmann, Robin"]
[Black "Schlosser, Andree"]
[Result "1-0"]
[WhiteElo "2161"]
[BlackElo "2134"]
[PlyCount "97"]
[EventDate "2017.??.??"]
[WhiteTeam "SK Bruckmühl e.V."]
[BlackTeam "SAbt TuS Fürstenfeldbruck"]

1. e4 d6 2. d4 Nf6 3. Nc3 c6 4. a4 Qa5 5. Bd2 e5 6. Nf3 Bg4 7. dxe5 dxe5 8. Bc4
Nbd7 9. Nd5 Qd8 10. Nxf6+ Qxf6 11. h3 Be6 12. Qe2 h6 13. O-O Bc5 14. b4 Bb6 15.
a5 Bc7 16. Nh2 O-O 17. Ng4 Qg6 18. Bxe6 Qxe6 19. Ne3 g6 20. Rfd1 Nf6 21. f3 a6
22. Nc4 Kg7 23. Be3 Rad8 24. Nb2 Rxd1+ 25. Rxd1 Rc8 26. Na4 Qe7 27. Nc5 Bb8 28.
Kh2 Ba7 29. Qd2 Bxc5 30. Bxc5 Qe6 31. Qc3 Re8 32. Rd6 Qc8 33. Qd2 h5 34. Be3
Ng8 35. Rd7 Re7 36. Rd8 Qe6 37. Bc5 Re8 38. Rd7 Rb8 39. Ba7 Ra8 40. Rxb7 Qc8
41. Qd7 Qxd7 42. Rxd7 Nf6 43. Rb7 Rd8 44. Be3 Rd1 45. Rb6 Re1 46. Bc5 Re2 47.
Rxc6 h4 48. Bf8+ Kxf8 49. Rxf6 1-0

[Event "Schachbezirk Oberbayern - EM 2017"]
[Site "Hochstätt am Inn"]
[Date "2017.05.28"]
[Round "4.2"]
[White "Ott, Josef Sebastian"]
[Black "Jocher, Georg"]
[Result "1/2-1/2"]
[WhiteElo "1852"]
[BlackElo "2075"]
[PlyCount "21"]
[EventDate "2017.??.??"]
[WhiteTeam "SG Traunstein/Traunreut e.V."]
[BlackTeam "SK Großweil"]

1. e4 c5 2. Nf3 e6 3. d4 cxd4 4. Nxd4 Nc6 5. Nc3 Qc7 6. Be3 a6 7. Qd2 Nf6 8. f3
Be7 9. O-O-O b5 10. Qf2 Bb7 11. Kb1 1/2-1/2

[Event "Schachbezirk Oberbayern - EM 2017"]
[Site "Hochstätt am Inn"]
[Date "2017.05.28"]
[Round "4.3"]
[White "Spieß, Martin"]
[Black "Straub, Jürgen"]
[Result "1/2-1/2"]
[WhiteElo "2210"]
[BlackElo "2121"]
[PlyCount "163"]
[EventDate "2017.??.??"]
[WhiteTeam "SK Ingolstadt"]
[BlackTeam "TSV Ingolstadt Nord"]

1. e4 c5 2. Nf3 Nc6 3. Nc3 g6 4. d4 cxd4 5. Nxd4 Bg7 6. Be3 Nf6 7. Nxc6 bxc6 8.
e5 Ng8 9. Bd4 Qa5 10. Bc4 f6 11. exf6 Nxf6 12. O-O d5 13. Bb3 e6 14. Na4 O-O
15. c4 Ba6 16. Bc3 Qc7 17. Nc5 Bc8 18. Qe2 Qd6 19. Nd3 Nd7 20. cxd5 exd5 21.
Rfe1 Bxc3 22. bxc3 Ba6 23. Qe7 Rf6 24. Nb4 Bb7 25. c4 a5 26. cxd5 cxd5 27. Nxd5
Bxd5 28. Bxd5+ Qxd5 29. Rad1 Qf5 30. Qxd7 Qxf2+ 31. Kh1 Raf8 32. Qd5+ Kh8 33.
h3 Qf5 34. Qd4 Qf4 35. Re4 Qf2 36. Re3 Qf4 37. Qc3 Qb4 38. Qe5 Qf4 39. Rd7 Qxe5
40. Rxe5 Rf1+ 41. Kh2 R8f7 42. Rd8+ Rf8 43. Rxf8+ Rxf8 44. Rxa5 Kg7 45. Ra7+
Kf6 46. Kg3 Rc8 47. Ra6+ Kf5 48. Ra5+ Kf6 49. Ra3 Rc2 50. Rf3+ Kg5 51. h4+ Kh5
52. Ra3 g5 53. hxg5 Kxg5 54. Ra5+ Kg6 55. Kh3 h6 56. g3 Rd2 57. Ra8 Rc2 58. a4
Kg7 59. Kh4 Rc4+ 60. g4 Rd4 61. Ra5 Kg6 62. Ra6+ Kg7 63. a5 Rd5 64. Ra8 Rc5 65.
a6 Rc6 66. Kg3 Rb6 67. Kf4 Rc6 68. Ke5 Rb6 69. Kd5 Kh7 70. Kc5 Re6 71. Kb5 Re5+
72. Kc6 Re6+ 73. Kc7 Rg6 74. Ra7 Kh8 75. Kb7 Rg7+ 76. Kb6 Rg6+ 77. Kc5 Rg5+ 78.
Kd6 Rg6+ 79. Ke5 Rb6 80. Ra8+ Kh7 81. Kd5 Rg6 82. Kc5 1/2-1/2

[Event "Schachbezirk Oberbayern - EM 2017"]
[Site "Hochstätt am Inn"]
[Date "2017.05.28"]
[Round "4.4"]
[White "Frese, Daniel"]
[Black "Linner, Christian"]
[Result "0-1"]
[WhiteElo "2063"]
[BlackElo "2001"]
[PlyCount "48"]
[EventDate "2017.??.??"]
[WhiteTeam "SG Traunstein/Traunreut e.V."]
[BlackTeam "SC Prien"]

1. e4 d6 2. d4 Nf6 3. Nc3 e5 4. Nf3 Nbd7 5. Bc4 Be7 6. a4 O-O 7. O-O a6 8. a5
h6 9. Qe2 exd4 10. Nxd4 Ne5 11. Bf4 Nxc4 12. Qxc4 c5 13. Nf3 Be6 14. Nd5 Nxd5
15. exd5 Bf5 16. Qb3 g5 17. Bg3 Qd7 18. Nd2 Qb5 19. Rfe1 Rfe8 20. Qf3 Bxc2 21.
Rxe7 Rxe7 22. Qf6 Rae8 23. Nf3 Qxa5 24. Rc1 Re1+ 0-1

[Event "Schachbezirk Oberbayern - EM 2017"]
[Site "Hochstätt am Inn"]
[Date "2017.05.28"]
[Round "4.5"]
[White "Graf, Christian"]
[Black "Steinheimer, Jürgen"]
[Result "0-1"]
[WhiteElo "1981"]
[BlackElo "2059"]
[PlyCount "114"]
[EventDate "2017.??.??"]
[WhiteTeam "SU Ebersberg-Grafing"]
[BlackTeam "SK Gräfelfing"]

1. e4 e6 2. d4 d5 3. Nc3 Nf6 4. e5 Nfd7 5. f4 c5 6. Nf3 Nc6 7. Be3 a6 8. g3 b5
9. Bh3 g6 10. O-O b4 11. Ne2 a5 12. c3 Ba6 13. Rf2 Nb6 14. b3 c4 15. Nd2 Be7
16. bxc4 Bxc4 17. Nxc4 Nxc4 18. Rf3 O-O 19. Bf2 Qb6 20. Kh1 Rfb8 21. Rb1 Na3
22. Rb2 Nc4 23. Rb1 Na3 24. Rb2 Qc7 25. Bf1 Nc4 26. Rb1 Na3 27. Rb2 Nc4 28. Rb1
Rb6 29. Nc1 Na3 30. Rb2 bxc3 31. Rxb6 c2 32. Qd2 Qxb6 33. Rb3 Qc7 34. Nd3 a4
35. Rxa3 Bxa3 36. Qxc2 Qb6 37. Nc5 Qb2 38. Qxb2 Bxb2 39. Bb5 Nxd4 40. Bxa4 Ra5
41. Nd3 Bc3 42. Bxd4 Rxa4 43. Bxc3 Ra3 44. Bb4 Rxd3 45. a3 Kg7 46. Kg2 f6 47.
Kf2 Kf7 48. Ke2 Rb3 49. exf6 Kxf6 50. Kd2 Rb2+ 51. Kc3 Rxh2 52. a4 Rg2 53. a5
Rxg3+ 54. Kb2 g5 55. a6 gxf4 56. Bd6 Rg8 57. a7 Ra8 0-1

[Event "Schachbezirk Oberbayern - EM 2017"]
[Site "Hochstätt am Inn"]
[Date "2017.05.28"]
[Round "4.6"]
[White "Rosner, Gerhard"]
[Black "Kobl, Rudolf"]
[Result "1-0"]
[WhiteElo "2029"]
[BlackElo "1912"]
[PlyCount "95"]
[EventDate "2017.??.??"]
[WhiteTeam "SG Pang-Rosenheim 1910 e.V."]
[BlackTeam "SK Wasserburg"]

1. c4 e5 2. Nc3 Bb4 3. e4 Bxc3 4. bxc3 Nf6 5. d3 O-O 6. Ba3 Re8 7. Nf3 d6 8.
Be2 Nbd7 9. O-O Nc5 10. g3 b6 11. Nh4 Bh3 12. Re1 Qd7 13. Qd2 Ne6 14. Nf5 g6
15. Ne3 c6 16. f3 h5 17. Bd1 h4 18. Ba4 b5 19. cxb5 cxb5 20. Bb3 hxg3 21. hxg3
Kg7 22. Kf2 Rh8 23. Rh1 a5 24. Rh2 a4 25. Bxe6 Bxe6 26. Rah1 Rxh2+ 27. Rxh2 Rh8
28. Rxh8 Kxh8 29. g4 Kg7 30. Bc1 Kf8 31. Kg2 Qe7 32. Ba3 Kg7 33. d4 Bd7 34.
dxe5 Qxe5 35. Bxd6 Qe6 36. Bc5 Kg8 37. Bd4 Bc6 38. Kg1 Bb7 39. Qh2 Kf8 40. Qb8+
Bc8 41. Bxf6 Qxf6 42. Qxc8+ Kg7 43. Kg2 Qd6 44. Nd5 Qa3 45. Nb4 Qb2+ 46. Kg3
Qd2 47. Qc5 g5 48. Qd4+ 1-0

[Event "Schachbezirk Oberbayern - EM 2017"]
[Site "Hochstätt am Inn"]
[Date "2017.05.28"]
[Round "4.7"]
[White "Bergerhoff, Andreas"]
[Black "Holzmayr, Norbert"]
[Result "1-0"]
[WhiteElo "1988"]
[BlackElo "1692"]
[PlyCount "91"]
[EventDate "2017.??.??"]
[WhiteTeam "SK Bruckmühl e.V."]
[BlackTeam "SV Ilmmünster"]

1. e4 e5 2. d4 exd4 3. c3 d5 4. Qxd4 Be6 5. Nf3 Nc6 6. Bb5 dxe4 7. Qxe4 Qd5 8.
Bxc6+ bxc6 9. Nbd2 Nf6 10. Qa4 Qb5 11. Qc2 c5 12. c4 Qa5 13. O-O Bd6 14. b3 h6
15. Bb2 Nh5 16. Rfe1 O-O-O 17. a3 Nf4 18. b4 Qb6 19. Ne4 Be7 20. bxc5 Qc6 21.
Ne5 Qa6 22. Bc1 Ng6 23. Nxg6 fxg6 24. Nd6+ Bxd6 25. cxd6 Rxd6 26. c5 Bf5 27.
Qc3 Rd3 28. Qxg7 Rhd8 29. Bf4 R3d7 30. Qc3 Qc6 31. Bxh6 Rd5 32. Rac1 Rd3 33.
Qa5 a6 34. Bf4 Be4 35. Rxe4 g5 36. Be5 Rxa3 37. Qxa3 Qxe4 38. Qxa6+ Kb8 39.
Qb5+ Kc8 40. c6 Rd5 41. Qb7+ Kd8 42. Qxc7+ Ke8 43. Bc3 Kf8 44. Qg7+ Ke8 45. Re1
Re5 46. Qxe5+ 1-0

[Event "Schachbezirk Oberbayern - EM 2017"]
[Site "Hochstätt am Inn"]
[Date "2017.05.28"]
[Round "4.8"]
[White "Reisser, Simon"]
[Black "Gilhuber, Max"]
[Result "1/2-1/2"]
[WhiteElo "1938"]
[BlackElo "1699"]
[PlyCount "60"]
[EventDate "2017.??.??"]
[WhiteTeam "TSV Trostberg"]
[BlackTeam "SK Töging"]

1. e4 c5 2. d4 cxd4 3. c3 Nc6 4. Nf3 d6 5. cxd4 Nf6 6. Nc3 g6 7. Bc4 Bg7 8. O-O
O-O 9. Be3 Ng4 10. h3 Nxe3 11. fxe3 e5 12. Kh1 Kh8 13. Qd2 f5 14. exf5 gxf5 15.
dxe5 Nxe5 16. Nxe5 Bxe5 17. Rf3 Qh4 18. Bd5 Rf6 19. Raf1 Rg6 20. Ne2 Bd7 21.
Nf4 Rg5 22. Qf2 Qxf2 23. R1xf2 Bc6 24. Bxc6 bxc6 25. Nd3 Bg3 26. Rf1 Re8 27.
Nb4 c5 28. Nd5 Re5 29. Nc3 h5 30. Rd1 Rg6 1/2-1/2

[Event "Schachbezirk Oberbayern - EM 2017"]
[Site "Hochstätt am Inn"]
[Date "2017.05.28"]
[Round "4.9"]
[White "Höller, Armin"]
[Black "Nikutowski, Oliver"]
[Result "0-1"]
[WhiteElo "1961"]
[BlackElo "1993"]
[PlyCount "80"]
[EventDate "2017.??.??"]
[WhiteTeam "SK Weilheim"]
[BlackTeam "Gautinger SC"]

1. c4 e5 2. g3 c6 3. Bg2 d5 4. Nf3 e4 5. Nd4 Bc5 6. Nb3 Bb6 7. c5 Bc7 8. d3 f5
9. O-O Nf6 10. f3 Qe7 11. Bg5 e3 12. Qc1 f4 13. Bxf4 Bxf4 14. gxf4 Nh5 15. Nc3
Nxf4 16. Kh1 O-O 17. Nd1 Re8 18. Nd4 Qe5 19. Qc3 Qh5 20. Rg1 Qh6 21. Bf1 Re5
22. Qe1 Na6 23. Rc1 Bd7 24. Nc2 Nxd3 25. exd3 e2 26. Bxe2 Qxc1 27. Qg3 Re7 28.
Nde3 Qxb2 29. d4 Nb4 30. Nxb4 Qxe2 31. Nbc2 Rf8 32. f4 Bf5 33. Re1 Qd2 34. Nxf5
Rxe1+ 35. Nxe1 Rxf5 36. Nd3 Qd1+ 37. Kg2 Qe2+ 38. Kg1 Rf6 39. Ne5 Qd1+ 40. Kg2
Qxd4 0-1

[Event "Schachbezirk Oberbayern - EM 2017"]
[Site "Hochstätt am Inn"]
[Date "2017.05.28"]
[Round "5.1"]
[White "Ott, Josef Sebastian"]
[Black "Schlichtmann, Robin"]
[Result "0-1"]
[WhiteElo "1852"]
[BlackElo "2161"]
[PlyCount "50"]
[EventDate "2017.??.??"]
[WhiteTeam "SG Traunstein/Traunreut e.V."]
[BlackTeam "SK Bruckmühl e.V."]

1. e4 e5 2. Nf3 Nc6 3. Bc4 Bc5 4. c3 Nf6 5. d3 a6 6. Bb3 d6 7. Qe2 h6 8. Nbd2
O-O 9. h3 Re8 10. Nf1 d5 11. g4 Be6 12. Bc2 b5 13. Ne3 Qd7 14. Nh4 g6 15. Nef5
dxe4 16. Nxh6+ Kg7 17. dxe4 Rh8 18. Rg1 Ng8 19. g5 Rd8 20. Qf3 Bc4 21. N4f5+
Kf8 22. Ne3 Nb4 23. b3 Bxe3 24. bxc4 Nxc2+ 25. Kf1 Qd1+ 0-1

[Event "Schachbezirk Oberbayern - EM 2017"]
[Site "Hochstätt am Inn"]
[Date "2017.05.28"]
[Round "5.2"]
[White "Steinheimer, Jürgen"]
[Black "Spieß, Martin"]
[Result "1/2-1/2"]
[WhiteElo "2059"]
[BlackElo "2210"]
[PlyCount "62"]
[EventDate "2017.??.??"]
[WhiteTeam "SK Gräfelfing"]
[BlackTeam "SK Ingolstadt"]

1. d4 d5 2. c4 e6 3. Nc3 c6 4. cxd5 exd5 5. Bf4 Bf5 6. e3 Qb6 7. Qd2 Nf6 8.
Nge2 Bb4 9. Ng3 Ne4 10. Ngxe4 dxe4 11. a3 Be7 12. Bc4 O-O 13. Qc2 Nd7 14. O-O
Nf6 15. b4 Bg6 16. Na4 Qd8 17. Nc5 b6 18. Nb3 a6 19. Rfc1 Qd7 20. Bg5 Rfc8 21.
Qb2 Qf5 22. Bf4 Nd5 23. Bxd5 Qxd5 24. Nd2 c5 25. Nc4 Bd8 26. bxc5 bxc5 27. Nb6
Bxb6 28. Qxb6 c4 29. Rab1 Bf5 30. Qd6 Qxd6 31. Bxd6 Be6 1/2-1/2

[Event "Schachbezirk Oberbayern - EM 2017"]
[Site "Hochstätt am Inn"]
[Date "2017.05.28"]
[Round "5.3"]
[White "Schlosser, Andree"]
[Black "Rosner, Gerhard"]
[Result "1-0"]
[WhiteElo "2134"]
[BlackElo "2029"]
[PlyCount "49"]
[EventDate "2017.??.??"]
[WhiteTeam "SAbt TuS Fürstenfeldbruck"]
[BlackTeam "SG Pang-Rosenheim 1910 e.V."]

1. c4 c5 2. g3 Nf6 3. Bg2 d5 4. cxd5 Nxd5 5. Qb3 e6 6. Nc3 Nb4 7. a3 N4c6 8.
Nf3 Be7 9. d3 O-O 10. O-O b6 11. Bf4 Bb7 12. Qa4 Qc8 13. Rac1 Nd7 14. Ne4 e5
15. Be3 Qd8 16. Rfe1 Kh8 17. Qc4 f6 18. Nc3 Re8 19. h4 Nf8 20. h5 h6 21. Qf7
Qd7 22. Nh4 Na5 23. Bxh6 Ne6 24. Bh3 Qc6 25. e4 1-0

[Event "Schachbezirk Oberbayern - EM 2017"]
[Site "Hochstätt am Inn"]
[Date "2017.05.28"]
[Round "5.4"]
[White "Jocher, Georg"]
[Black "Linner, Christian"]
[Result "0-1"]
[WhiteElo "2075"]
[BlackElo "2001"]
[PlyCount "90"]
[EventDate "2017.??.??"]
[WhiteTeam "SK Großweil"]
[BlackTeam "SC Prien"]

1. Nf3 Nf6 2. g3 g6 3. Bg2 Bg7 4. O-O O-O 5. d4 d6 6. c4 Na6 7. Nc3 c5 8. d5
Nc7 9. h3 Bd7 10. a4 b6 11. Re1 a6 12. e4 Rb8 13. e5 Nfe8 14. Bf4 b5 15. axb5
axb5 16. b3 bxc4 17. bxc4 Rb4 18. Bf1 Rb6 19. Rc1 Na6 20. e6 fxe6 21. dxe6 Bc6
22. Nd5 Rb7 23. h4 Nb4 24. Ng5 Bxd5 25. cxd5 Rf5 26. Bc4 Qa5 27. Re3 Nc7 28.
Qf3 Nb5 29. Bxb5 Qxb5 30. g4 Rf8 31. h5 Nxd5 32. hxg6 hxg6 33. Qh3 Rxf4 34.
Qh7+ Kf8 35. Qxg6 Nxe3 36. fxe3 Rxg4+ 37. Kh1 Qc6+ 38. e4 Qxe4+ 39. Qxe4 Rxe4
40. Nxe4 Rb2 41. Rf1+ Bf6 42. Re1 c4 43. Nxf6 exf6 44. e7+ Ke8 45. Re6 c3 0-1

[Event "Schachbezirk Oberbayern - EM 2017"]
[Site "Hochstätt am Inn"]
[Date "2017.05.28"]
[Round "5.5"]
[White "Straub, Jürgen"]
[Black "Bergerhoff, Andreas"]
[Result "0-1"]
[WhiteElo "2121"]
[BlackElo "1988"]
[Annotator "Steiner,Marcus"]
[PlyCount "92"]
[EventDate "2017.??.??"]
[WhiteTeam "TSV Ingolstadt Nord"]
[BlackTeam "SK Bruckmühl e.V."]

1. c4 c5 2. Nf3 Nc6 3. Nc3 g6 4. g3 Bg7 5. Bg2 d6 6. O-O e5 7. a3 f5 8. d3 Nge7
9. Rb1 Be6 10. Bd2 h6 11. b4 Qd7 12. Ne1 g5 13. Nd5 f4 14. Qa4 Nxd5 15. cxd5
Nd4 16. Qxd7+ Bxd7 17. e3 Ne2+ 18. Kh1 g4 19. exf4 exf4 20. gxf4 b6 21. Be4 O-O
22. Ng2 Rae8 23. Rfe1 Nd4 24. Bc1 Nf3 25. Re2 h5 26. Bb2 h4 27. Bxg7 Kxg7 28.
h3 Nd4 29. Ra2 gxh3 30. Ne3 Rxf4 31. Rg1+ Kh8 32. Rg6 Bf5 33. Nxf5 Nxf5 34.
Bxf5 Rxf5 35. Rxd6 Ree5 36. bxc5 bxc5 37. Rh6+ Kg7 38. Rxh4 Rf3 39. Rb2 Rxd5
40. Rb7+ Kf6 41. Rhh7 Ke5 42. Rh5+ Kd4 43. Rxd5+ Kxd5 44. Rxa7 Rxf2 45. a4 Ra2
46. a5 Kd4 {Zeit} 0-1

[Event "Schachbezirk Oberbayern - EM 2017"]
[Site "Hochstätt am Inn"]
[Date "2017.05.28"]
[Round "5.6"]
[White "Nikutowski, Oliver"]
[Black "Frese, Daniel"]
[Result "1-0"]
[WhiteElo "1993"]
[BlackElo "2063"]
[PlyCount "73"]
[EventDate "2017.??.??"]
[WhiteTeam "Gautinger SC"]
[BlackTeam "SG Traunstein/Traunreut e.V."]

1. d4 Nf6 2. c4 g6 3. f3 c5 4. d5 e6 5. e4 exd5 6. cxd5 d6 7. Bb5+ Bd7 8. a4
Bg7 9. Ne2 Na6 10. Na3 Nc7 11. Nc3 a6 12. Bxd7+ Nxd7 13. Be3 O-O 14. O-O b5 15.
axb5 axb5 16. Naxb5 Rxa1 17. Qxa1 Nxb5 18. Nxb5 Qb6 19. Nc3 Rb8 20. Rf2 Ne5 21.
Rc2 Nd3 22. Qf1 Nxb2 23. Rc1 Qb3 24. Bd2 c4 25. h3 Ra8 26. Ne2 Nd3 27. Rb1 Qc2
28. Qd1 Qa2 29. Be3 h5 30. Nd4 Bxd4 31. Bxd4 Nf4 32. Rb2 Qa3 33. Qd2 g5 34. Kh2
Rc8 35. Bc3 f6 36. Qd4 Ne2 37. Rxe2 1-0

[Event "Schachbezirk Oberbayern - EM 2017"]
[Site "Hochstätt am Inn"]
[Date "2017.05.28"]
[Round "5.7"]
[White "Gilhuber, Max"]
[Black "Graf, Christian"]
[Result "0-1"]
[WhiteElo "1699"]
[BlackElo "1981"]
[PlyCount "104"]
[EventDate "2017.??.??"]
[WhiteTeam "SK Töging"]
[BlackTeam "SU Ebersberg-Grafing"]

1. d4 d5 2. c4 c6 3. Nc3 Nf6 4. Nf3 dxc4 5. e3 b5 6. Be2 e6 7. O-O Be7 8. Bd2
Bb7 9. a4 a6 10. b3 b4 11. Na2 c3 12. Be1 a5 13. Ne5 O-O 14. f4 c5 15. Bf3 Bxf3
16. Qxf3 Qd5 17. Bh4 Qxf3 18. Rxf3 cxd4 19. exd4 Nd5 20. Bxe7 Nxe7 21. Nc1 Nbc6
22. Nxc6 Nxc6 23. Ne2 Rfd8 24. Rd3 Rd5 25. Kf2 Rad8 26. Ke3 f6 27. Rad1 Kf7 28.
g4 g6 29. h4 h6 30. Rf1 Ke7 31. Ke4 f5+ 32. gxf5 gxf5+ 33. Ke3 Rg8 34. Rg1 Rxg1
35. Nxg1 Rd8 36. Nf3 Kd6 37. Rd1 Rg8 38. Rg1 Rxg1 39. Nxg1 Kd5 40. Ne2 c2 41.
Kd2 Nxd4 42. Nxd4 Kxd4 43. Kxc2 Ke3 44. h5 Kxf4 45. Kd3 e5 46. Kc4 e4 47. Kb5
e3 48. Kxa5 e2 49. Kxb4 e1=Q+ 50. Kb5 Ke5 51. a5 Kd6 52. Ka6 Qb4 0-1

[Event "Schachbezirk Oberbayern - EM 2017"]
[Site "Hochstätt am Inn"]
[Date "2017.05.28"]
[Round "5.8"]
[White "Kobl, Rudolf"]
[Black "Reisser, Simon"]
[Result "1/2-1/2"]
[WhiteElo "1912"]
[BlackElo "1938"]
[PlyCount "93"]
[EventDate "2017.??.??"]
[WhiteTeam "SK Wasserburg"]
[BlackTeam "TSV Trostberg"]

1. e4 e5 2. Nf3 Nc6 3. Bc4 Bc5 4. b4 Bxb4 5. c3 Ba5 6. d4 exd4 7. O-O d6 8.
cxd4 Qe7 9. Bb2 Bd7 10. Nc3 O-O-O 11. Nd5 Qxe4 12. Ng5 Qg6 13. Nxf7 Nf6 14.
Nxh8 Rxh8 15. Nxf6 Qxf6 16. Rb1 Bb6 17. d5 Ne5 18. Kh1 Qf5 19. Be2 h5 20. Bxe5
Qxe5 21. Bf3 g5 22. Qe2 Qf5 23. Rfe1 g4 24. Be4 Qxf2 25. Qxf2 Bxf2 26. Rf1 g3
27. hxg3 Bxg3 28. Bf5 b6 29. Bxd7+ Kxd7 30. Rf7+ Kd8 31. Rc1 Re8 32. Rfxc7 Re5
33. Rc8+ Ke7 34. R8c7+ Kd8 35. Rxa7 Rxd5 36. Rf1 Ke8 37. Rb7 Ra5 38. Rf3 h4 39.
Rxb6 Rxa2 40. Rb1 Rd2 41. Kg1 Ke7 42. Kf1 Ke6 43. Re3+ Kf6 44. Re2 Rd4 45. Reb2
Re4 46. Rb3 Ke6 47. Rd1 1/2-1/2

[Event "Schachbezirk Oberbayern - EM 2017"]
[Site "Hochstätt am Inn"]
[Date "2017.05.28"]
[Round "5.9"]
[White "Holzmayr, Norbert"]
[Black "Höller, Armin"]
[Result "0-1"]
[WhiteElo "1692"]
[BlackElo "1961"]
[PlyCount "72"]
[EventDate "2017.??.??"]
[WhiteTeam "SV Ilmmünster"]
[BlackTeam "SK Weilheim"]

1. d4 f5 2. Nc3 Nf6 3. Bg5 d5 4. f3 Nc6 5. Qd3 e6 6. e3 Be7 7. Nge2 O-O 8.
O-O-O b6 9. Nf4 Na5 10. g4 fxg4 11. Bg2 Nc4 12. fxg4 Qd6 13. Bxf6 Bxf6 14.
Nfxd5 exd5 15. Bxd5+ Be6 16. Qxc4 Rae8 17. Kb1 c6 18. Bxe6+ Qxe6 19. d5 cxd5
20. Nxd5 Kh8 21. Qe2 Bg5 22. h4 Bd8 23. g5 Rf5 24. Qd3 Ref8 25. Nf4 Qe7 26. Qb3
Qe4 27. Ne6 Qxh1 28. c3 Rf1 29. Nxf8 Rxd1+ 30. Kc2 Rc1+ 31. Kd3 Qf1+ 32. Kd2
Qe1+ 33. Kd3 Rd1+ 34. Ke4 Qxh4+ 35. Kf3 Qh5+ 36. Kf2 Rd2+ 0-1

[Event "Schachbezirk Oberbayern - EM 2017"]
[Site "Hochstätt am Inn"]
[Date "2017.05.28"]
[Round "6.1"]
[White "Linner, Christian"]
[Black "Schlichtmann, Robin"]
[Result "1/2-1/2"]
[WhiteElo "2001"]
[BlackElo "2161"]
[PlyCount "21"]
[EventDate "2017.??.??"]
[WhiteTeam "SC Prien"]
[BlackTeam "SK Bruckmühl e.V."]

1. c4 Nf6 2. g3 g6 3. Bg2 d5 4. cxd5 Nxd5 5. Nc3 Nb6 6. Nf3 Bg7 7. d3 O-O 8.
Be3 Nc6 9. h4 h5 10. Qd2 Nd5 11. Bh6 1/2-1/2

[Event "Schachbezirk Oberbayern - EM 2017"]
[Site "Hochstätt am Inn"]
[Date "2017.05.28"]
[Round "6.2"]
[White "Spieß, Martin"]
[Black "Schlosser, Andree"]
[Result "1-0"]
[WhiteElo "2210"]
[BlackElo "2134"]
[PlyCount "103"]
[EventDate "2017.??.??"]
[WhiteTeam "SK Ingolstadt"]
[BlackTeam "SAbt TuS Fürstenfeldbruck"]

1. e4 d6 2. d4 Nf6 3. Nc3 c6 4. f4 Qa5 5. Bd3 e5 6. Nf3 Bg4 7. Be3 Nbd7 8. O-O
Be7 9. h3 Bxf3 10. Qxf3 h6 11. Ne2 O-O-O 12. fxe5 dxe5 13. c3 Kb8 14. b4 Qc7
15. Rab1 Bd6 16. a4 Rhe8 17. Kh1 Re7 18. b5 c5 19. d5 c4 20. Bc2 Bc5 21. Ng3
Ree8 22. Nf5 Rg8 23. Qe2 Bxe3 24. Nxe3 Rc8 25. Rb4 Nc5 26. Nxc4 Qe7 27. Rbb1
Nfd7 28. a5 g5 29. Ne3 f6 30. Nf5 Qh7 31. a6 b6 32. d6 Rge8 33. Ne7 Rxe7 34.
dxe7 Qxe7 35. Qd2 Ne6 36. Bb3 Nf4 37. Bd5 h5 38. Bb7 Rc7 39. Rbd1 g4 40. Bc6
gxh3 41. Rxf4 exf4 42. Bxd7 hxg2+ 43. Kg1 f3 44. Bc6 Rc8 45. Qf4+ Qe5 46. Qxf3
Rg8 47. Qd3 h4 48. Qd7 Qc7 49. Qxc7+ Kxc7 50. Rd7+ Kc8 51. Rxa7 Rg3 52. Rh7 1-0